What Movie? Back to the Camera XIX Quiz Stats

 Plays Quiz Updated Jan 4, 2018

Score 0/25 Timer 08:00
3 Plays Today
% Correct
Beauty and the Beast
99%
Braveheart
85.6%
Godzilla
71.3%
Easy A
67.2%
Raging Bull
67%
Office Space
64.9%
Lawrence of Arabia
62.7%
The Dark Knight Rises
53.5%
King Kong
47.1%
Tomorrowland
46.9%
Glory
46.5%
Spirited Away
45.5%
Run Lola Run
40.2%
% Correct
Training Day
37.6%
Jaws
33.8%
Zodiac
32.4%
Boyz n the Hood
31.2%
Sling Blade
30.7%
Serenity
28.4%
The Perks of Being a Wallflower
27.3%
On the Waterfront
26%
The Golden Compass
25.5%
Chicago
25.4%
Into the Wild
20.4%
50/50
14.3%

You're not logged in!

Compare scores with friends on all Sporcle quizzes.
Join for Free
OR
Log In

You Might Also Like...

Show Comments

Extras

Top Quizzes Today


Score Distribution

Your Account Isn't Verified!

In order to create a playlist on Sporcle, you need to verify the email address you used during registration. Go to your Sporcle Settings to finish the process.

Report this User

Report this user for behavior that violates our Community Guidelines.

Details: